01316nam a2200241 a 4500001001000000005001700010008004100027041000800068044000700076084002000083100004500103245009500148260003300243300002200276500024200298500028800540500000900828650005200837650005600889650003400945650004500979740005001024BRCA_246220190320203824.0191108s1831----sp-a---###---#000-0#spa-u aspa asp a102b.E89c18311 aCervantes Saavedra, Miguel ded1547-161610aEl Ingenioso Hidalgo Don Quijote de la Manchaccompuesto por Miguel de Cervantes Saavedra. aMadridbD. J. Espinosac1831 a4 v.bil.c12 cm. aContenido : v 1. Primera parte. Retrato de Cervantes. Advertencia de los editores. Dedicatoria. Prólogo del autor. Versos preliminares. Texto. -- v 2. Texto. -- v 3. Segunda parte. Dedicatoria. Prólogo del autor. Texto. -- v 4. Texto aEdición muy manejable, de tipos pequeños, pero claros. Su texto está arreglado al de la última edición de la Academia (1819), de la cual se tomó el retrato de Cervantes, grabado, como tambiénlas láminas, por C. Boix. Piel; lomeras con filetes dorados Lúdovik Osterc aQM8414aNovela españolayÉpoca clásica, 1500-170014aLiteratura españolayÉpoca clásica, 1500-170014aNovela españolaySiglo XVII14aDon Quijote (Personaje ficticio)eNovela0 aEl Ingenioso Hidalgo Don Quijote de la Mancha